Women, invisible in theology and church / (Record no. 48444)
[ view plain ]
| 000 -LEADER | |
|---|---|
| fixed length control field | 01395cam a2200397Ia 4500 |
| 001 - CONTROL NUMBER | |
| control field | 12986934 |
| 003 - CONTROL NUMBER IDENTIFIER | |
| control field | SIRSI |
| 005 - DATE AND TIME OF LATEST TRANSACTION | |
| control field | 20191018104344.0 |
| 008 - FIXED-LENGTH DATA ELEMENTS--GENERAL INFORMATION | |
| fixed length control field | 860107s1985 stk b 000 0 eng d |
| 035 ## - SYSTEM CONTROL NUMBER | |
| System control number | (Sirsi) o12986934 |
| 035 ## - SYSTEM CONTROL NUMBER | |
| System control number | (Sirsi) 01-AAT-4711 |
| 036 ## - ORIGINAL STUDY NUMBER FOR COMPUTER DATA FILES | |
| Original study number | u194324 |
| 040 ## - CATALOGING SOURCE | |
| Original cataloging agency | MNF |
| Transcribing agency | MNF |
| Modifying agency | TSW |
| 245 00 - TITLE STATEMENT | |
| Title | Women, invisible in theology and church / |
| Statement of responsibility, etc | edited by Elisabeth Schussler Florenza and Mary Collins ; English language editor, Marcus Lefebure. |
| 260 ## - PUBLICATION, DISTRIBUTION, ETC. (IMPRINT) | |
| Place of publication, distribution, etc | Edinburgh : |
| Name of publisher, distributor, etc | T. & T. Clark, |
| Date of publication, distribution, etc | c1985. |
| 300 ## - PHYSICAL DESCRIPTION | |
| Extent | xiii, 126 p. ; |
| Dimensions | 22 cm. |
| 336 ## - CONTENT TYPE | |
| Content Type Term | text |
| 337 ## - MEDIA TYPE | |
| Media Type Term | unmediated |
| 338 ## - CARRIER TYPE | |
| Carrier Type Term | volume |
| 490 1# - SERIES STATEMENT | |
| Series statement | Concilium (Glen Rock, N.J.) ; |
| Volume number/sequential designation | 182. |
| 490 1# - SERIES STATEMENT | |
| Series statement | Concilium theology in the age of renewal ; |
| Volume number/sequential designation | 182. |
| 500 ## - GENERAL NOTE | |
| General note | Cover title: Women - invisible in church and theology. |
| 504 ## - BIBLIOGRAPHY, ETC. NOTE | |
| Bibliography, etc | Includes bibliographical references. |
| 650 #0 - SUBJECT ADDED ENTRY--TOPICAL TERM | |
| Topical term or geographic name as entry element | Women in Christianity. |
| 650 #0 - SUBJECT ADDED ENTRY--TOPICAL TERM | |
| Topical term or geographic name as entry element | Women in the Catholic Church. |
| 650 #0 - SUBJECT ADDED ENTRY--TOPICAL TERM | |
| Topical term or geographic name as entry element | Women and religion. |
| 650 #0 - SUBJECT ADDED ENTRY--TOPICAL TERM | |
| Topical term or geographic name as entry element | Sexism in religion. |
| 650 #0 - SUBJECT ADDED ENTRY--TOPICAL TERM | |
| Topical term or geographic name as entry element | Feminism |
| General subdivision | Religious aspects. |
| 700 1# - ADDED ENTRY--PERSONAL NAME | |
| Personal name | Lef�ebure, Marcus. |
| 700 1# - ADDED ENTRY--PERSONAL NAME | |
| Personal name | Collins, Mary, |
| Dates associated with a name | 1935- |
| 700 1# - ADDED ENTRY--PERSONAL NAME | |
| Personal name | Sch�ussler Fiorenza, Elisabeth, |
| Dates associated with a name | 1938- |
| 740 0# - ADDED ENTRY--UNCONTROLLED RELATED/ANALYTICAL TITLE | |
| Uncontrolled related/analytical title | Women - invisible in church and theology. |
| 830 #0 - SERIES ADDED ENTRY--UNIFORM TITLE | |
| Uniform title | Concilium theology in the age of renewal ; |
| Volume number/sequential designation | 182. |
| 830 #0 - SERIES ADDED ENTRY--UNIFORM TITLE | |
| Uniform title | Concilium (Glen Rock, N.J.) ; |
| Volume number/sequential designation | 182. |
| 942 ## - ADDED ENTRY ELEMENTS (KOHA) | |
| Source of classification or shelving scheme | Library of Congress Classification |
| Item type | Books |
| Withdrawn status | Lost status | Source of classification or shelving scheme | Damaged status | Not for loan | Home library | Current library | Shelving location | Date acquired | Inventory number | Total Checkouts | Full call number | Barcode | Date last seen | Price effective from | Koha item type |
|---|---|---|---|---|---|---|---|---|---|---|---|---|---|---|---|
| Library of Congress Classification | BSOP Library | BSOP Library | GC | 10/18/2019 | 20493 | BV639 W84f | 00018868 | 10/18/2019 | 10/18/2019 | Books |
